[Event "ECCC 2013"]
[Site "Rhodes"]
[Date "2013.10.20"]
[Round "1"]
[White "Murray, David"]
[Black "Solak, Dragan"]
[Result "0-1"]
[WhiteElo "2162"]
[BlackElo "2611"]
[PlyCount "72"]
[EventDate "2013.10.20"]
[EventType "team"]
[EventRounds "7"]
[EventCountry "GRE"]
[WhiteTeam "Gonzaga"]
[BlackTeam "Besiktas JK"]

1. e4 c6 2. d4 d5 3. e5 Bf5 4. Nc3 Qb6 5. Nf3 e6 6. Be2 Nd7 7. O-O Ne7 8. Na4
Qc7 9. b3 Nc8 10. c4 Ncb6 11. Nc3 dxc4 12. bxc4 Be7 13. a4 a5 14. Ba3 Bxa3 15.
Rxa3 O-O 16. Nh4 Rad8 17. Nxf5 exf5 18. Qc2 c5 19. Nd5 Qb8 20. Qxf5 g6 21. Qg4
cxd4 22. f4 Nxd5 23. cxd5 Qa7 24. Kh1 Qc5 25. Rh3 Rfe8 26. Bb5 Qxd5 27. Qh4 Nf8
28. Qe1 Re7 29. Qxa5 Rc8 30. Qd2 Rec7 31. Rg3 Rc2 32. Qe1 R8c3 33. Rg1 d3 34.
Qd1 d2 35. Rxc3 Rxc3 36. Qa1 Qc5 0-1

[Event "ECCC 2013"]
[Site "Rhodes"]
[Date "2013.10.20"]
[Round "1"]
[White "Kanmazalp, Ogulcan"]
[Black "Freeman, Gordon"]
[Result "1-0"]
[WhiteElo "2417"]
[BlackElo "2056"]
[PlyCount "51"]
[EventDate "2013.10.20"]
[EventType "team"]
[EventRounds "7"]
[EventCountry "GRE"]
[WhiteTeam "Besiktas JK"]
[BlackTeam "Gonzaga"]

1. e4 e6 2. d4 d5 3. Nd2 dxe4 4. Nxe4 Nd7 5. Nf3 Ngf6 6. Nxf6+ Nxf6 7. c3 Be7
8. Bd3 O-O 9. Qe2 b6 10. Bg5 Bb7 11. O-O h6 12. Bf4 Bd6 13. Ne5 c5 14. dxc5
Bxe5 15. Bxe5 Qd5 16. f3 Qxc5+ 17. Bd4 Qg5 18. Rae1 Rad8 19. Qf2 Nd7 20. f4 Qh5
21. Qg3 g5 22. f5 e5 23. Rxe5 Nxe5 24. Qxe5 f6 25. Bc4+ Rf7 26. Qxf6 1-0

[Event "ECCC 2013"]
[Site "Rhodes"]
[Date "2013.10.20"]
[Round "1"]
[White "Atakisi, Umut"]
[Black "Delaney, Killian"]
[Result "1-0"]
[WhiteElo "2346"]
[BlackElo "2129"]
[PlyCount "67"]
[EventDate "2013.10.20"]
[EventType "team"]
[EventRounds "7"]
[EventCountry "GRE"]
[WhiteTeam "Besiktas JK"]
[BlackTeam "Gonzaga"]

1. e4 c6 2. d4 d5 3. Nc3 dxe4 4. Nxe4 Nf6 5. Nxf6+ exf6 6. c3 Bd6 7. Bd3 O-O 8.
Qc2 Re8+ 9. Ne2 g6 10. Be3 Be6 11. h4 Nd7 12. h5 f5 13. O-O-O Qf6 14. Nf4 Bd5
15. Nxd5 cxd5 16. Kb1 Rab8 17. Rh3 b5 18. Rdh1 Re7 19. g3 Nb6 20. Qc1 Rc7 21.
Bg5 Qe6 22. g4 fxg4 23. Re3 Qd7 24. Bf6 b4 25. Re2 Bf8 26. hxg6 fxg6 27. Bxg6
bxc3 28. Rxh7 Qxh7 29. Bxh7+ Kxh7 30. Qc2+ Kg8 31. Qg6+ Bg7 32. Bxg7 Rxg7 33.
Qe6+ Kh7 34. Re5 1-0

[Event "ECCC 2013"]
[Site "Rhodes"]
[Date "2013.10.20"]
[Round "1"]
[White "Apaydin, Fethi"]
[Black "Jackson, Carl"]
[Result "1-0"]
[WhiteElo "2246"]
[BlackElo "1915"]
[PlyCount "55"]
[EventDate "2013.10.20"]
[EventType "team"]
[EventRounds "7"]
[EventCountry "GRE"]
[WhiteTeam "Besiktas JK"]
[BlackTeam "Gonzaga"]

1. e4 g6 2. Nc3 Bg7 3. g3 c5 4. Bg2 Nc6 5. d3 d6 6. f4 e6 7. Nf3 Nge7 8. O-O
O-O 9. Be3 Nd4 10. Rb1 Qb6 11. Ne2 Nec6 12. c3 Nxe2+ 13. Qxe2 Qa6 14. a3 Rd8
15. Rbd1 b6 16. Qf2 Na5 17. f5 Qb7 18. f6 Bxf6 19. Ng5 Bg7 20. Qxf7+ Qxf7 21.
Nxf7 Rd7 22. Nh6+ Bxh6 23. Bxh6 Ba6 24. Bh3 Re7 25. Rf6 Ree8 26. Bxe6+ Kh8 27.
Bd5 Rad8 28. Rf7 1-0

[Event "ECCC 2013"]
[Site "Rhodes"]
[Date "2013.10.20"]
[Round "1"]
[White "Salihu, Sami"]
[Black "Nijboer, Friso"]
[Result "1/2-1/2"]
[WhiteElo "2215"]
[BlackElo "2528"]
[PlyCount "117"]
[EventDate "2013.10.20"]
[EventType "team"]
[EventRounds "7"]
[EventCountry "GRE"]
[WhiteTeam "Istogu Chess Club"]
[BlackTeam "En Passant"]

1. d4 d6 2. c4 e5 3. dxe5 dxe5 4. Qxd8+ Kxd8 5. Nc3 Be6 6. e4 Nd7 7. f4 f6 8.
Nf3 Bd6 9. f5 Bf7 10. Be3 Bc5 11. Bxc5 Nxc5 12. O-O-O+ Kc8 13. b4 Nd7 14. c5
Ne7 15. Bb5 c6 16. Be2 a5 17. a3 axb4 18. axb4 Ra3 19. Kc2 g6 20. fxg6 Bb3+ 21.
Kb2 Bxd1 22. Kxa3 Bxe2 23. Nxe2 hxg6 24. h4 b6 25. cxb6 Nxb6 26. Kb3 Kd7 27.
Ra1 Ke6 28. Ra6 Rb8 29. Nc3 Nec8 30. Nd2 Nd6 31. Kc2 f5 32. Kd3 Ke7 33. Nf3 Kf6
34. Ng5 Rb7 35. g3 Ke7 36. Nf3 Kf6 37. Ng5 Ke7 38. Nf3 Ke6 39. Ng5+ Kf6 40.
Nh7+ Kg7 41. Ng5 Kh6 42. Ke2 Ndc4 43. b5 cxb5 44. Nxb5 Kh5 45. Ra7 Rxa7 46.
Nxa7 Kg4 47. Kf2 Na5 48. Nb5 Nbc4 49. Nc3 f4 50. gxf4 exf4 51. Nf3 Nc6 52. Nd5
N6e5 53. Nf6+ Kh3 54. Nxe5 Nxe5 55. h5 gxh5 56. Nxh5 f3 57. Nf6 Kh4 58. Nd7
Nxd7 59. Kxf3 1/2-1/2

[Event "ECCC 2013"]
[Site "Rhodes"]
[Date "2013.10.20"]
[Round "1"]
[White "Bosboom, Manuel"]
[Black "Arben, Avdiu"]
[Result "0-1"]
[WhiteElo "2390"]
[BlackElo "1967"]
[PlyCount "86"]
[EventDate "2013.10.20"]
[EventType "team"]
[EventRounds "7"]
[EventCountry "GRE"]
[WhiteTeam "En Passant"]
[BlackTeam "Istogu Chess Club"]

1. d4 Nf6 2. Nf3 g6 3. Bf4 Bg7 4. e3 d5 5. Bd3 O-O 6. h3 c5 7. c3 Nc6 8. Nbd2
Nd7 9. O-O e5 10. dxe5 Ndxe5 11. Bc2 Be6 12. Ng5 Qb6 13. Bxe5 Nxe5 14. f4 Nc4
15. Nxc4 dxc4 16. Rb1 f5 17. e4 h6 18. Nxe6 Qxe6 19. Qf3 b5 20. exf5 gxf5 21.
Rbe1 Qd6 22. Bxf5 Rae8 23. Rxe8 Rxe8 24. Qg4 b4 25. Rd1 Qf6 26. Kh2 Kf8 27. Bg6
Re6 28. Rd8+ Ke7 29. Re8+ Kd6 30. Rg8 Qxg6 31. Rxg7 Qxg4 32. Rxg4 Re2 33. f5
Rxb2 34. Rxc4 Kd5 35. Rf4 bxc3 36. f6 c2 37. f7 Rb8 38. Rf1 Kd4 39. Kg3 Rf8 40.
h4 Rxf7 41. Rxf7 c1=Q 42. Rxa7 c4 43. Rd7+ Ke5 0-1

[Event "ECCC 2013"]
[Site "Rhodes"]
[Date "2013.10.20"]
[Round "1"]
[White "Sadiku, Bedri"]
[Black "Vedder, Henk"]
[Result "0-1"]
[WhiteElo "2267"]
[BlackElo "2367"]
[PlyCount "68"]
[EventDate "2013.10.20"]
[EventType "team"]
[EventRounds "7"]
[EventCountry "GRE"]
[WhiteTeam "Istogu Chess Club"]
[BlackTeam "En Passant"]

1. Nf3 Nf6 2. b3 b5 3. e3 b4 4. a3 e6 5. axb4 Bxb4 6. Bb2 O-O 7. Be2 Bb7 8. O-O
Nc6 9. c3 Bd6 10. Ba6 Rb8 11. Bxb7 Rxb7 12. d3 Qe7 13. Nbd2 Rfb8 14. Ra6 Ng4
15. Qc2 Rb5 16. h3 Nge5 17. Nxe5 Rxe5 18. Rfa1 Rh5 19. R1a4 Qg5 20. Rg4 Qh6 21.
Kf1 f5 22. Rga4 Rf8 23. d4 f4 24. e4 f3 25. Nxf3 Rxh3 26. Qd3 Rh1+ 27. Ke2 Qg6
28. Ra1 Qxg2 29. Rxh1 Qxh1 30. Ra1 Qh5 31. b4 Ne7 32. Ra5 c5 33. Bc1 Ng6 34.
dxc5 Bc7 0-1

[Event "ECCC 2013"]
[Site "Rhodes"]
[Date "2013.10.20"]
[Round "1"]
[White "Vedder, Richard"]
[Black "Idrizaj, Abedin"]
[Result "1-0"]
[WhiteElo "2257"]
[BlackElo "2249"]
[PlyCount "75"]
[EventDate "2013.10.20"]
[EventType "team"]
[EventRounds "7"]
[EventCountry "GRE"]
[WhiteTeam "En Passant"]
[BlackTeam "Istogu Chess Club"]

1. e4 c5 2. Nf3 d6 3. Nc3 a6 4. d4 cxd4 5. Nxd4 Nf6 6. Bc4 e6 7. Bb3 Nc6 8. Be3
Be7 9. Qe2 O-O 10. O-O-O Bd7 11. Rhg1 b5 12. Nxc6 Bxc6 13. e5 Ne8 14. Qg4 Qc7
15. exd6 Bxd6 16. Ne4 Be5 17. Ng5 a5 18. f4 Bf6 19. Bc5 a4 20. Bxe6 h5 21. Qf5
Bxg5 22. fxg5 Nf6 23. gxf6 fxe6 24. Qxe6+ Rf7 25. fxg7 Re8 26. Qh6 Qf4+ 27.
Qxf4 Rxf4 28. Bd4 Re2 29. g3 Rf7 30. Rge1 Rfe7 31. Rxe2 Rxe2 32. Bc3 b4 33.
Rd8+ Be8 34. Kd1 Re4 35. Rd4 Rxd4+ 36. Bxd4 Bf7 37. b3 axb3 38. axb3 1-0

[Event "ECCC 2013"]
[Site "Rhodes"]
[Date "2013.10.20"]
[Round "1"]
[White "Sanduleac, Vasile"]
[Black "Miralles, Gilles"]
[Result "1/2-1/2"]
[WhiteElo "2423"]
[BlackElo "2472"]
[PlyCount "98"]
[EventDate "2013.10.20"]
[EventType "team"]
[EventRounds "7"]
[EventCountry "GRE"]
[WhiteTeam "Adare"]
[BlackTeam "Club d'Echecs de Geneve"]

1. e4 Nf6 2. d3 d5 3. Nd2 e5 4. Ngf3 Nc6 5. Be2 Be7 6. O-O O-O 7. c3 a5 8. Qc2
h6 9. Re1 Re8 10. Bf1 Bc5 11. exd5 Qxd5 12. Ne4 Be7 13. Bd2 Bg4 14. Be2 Rad8
15. c4 Qd7 16. Bc3 Nxe4 17. dxe4 Bxf3 18. Bxf3 Bc5 19. Rad1 Bd4 20. a3 Qe7 21.
Qb3 b6 22. Rf1 Rd6 23. Bd2 Red8 24. Bc1 Rf6 25. Rd2 Rdd6 26. Bd1 Rf4 27. g3
Rff6 28. Kg2 Nd8 29. Bg4 Nb7 30. Qc2 Rc6 31. b3 b5 32. f4 bxc4 33. bxc4 Qc5 34.
Be2 Nd6 35. Rxd4 Qxd4 36. Rd1 Rxc4 37. Bxc4 Qxc4 38. Qxc4 Nxc4 39. fxe5 Rc6 40.
Rd5 Kf8 41. a4 Ke7 42. h4 Ke6 43. Bf4 Nb6 44. Rxa5 Rc4 45. Ra7 Nxa4 46. Ra8
Rxe4 47. Rg8 g6 48. Bxh6 Rxe5 49. Re8+ Kd5 1/2-1/2

[Event "ECCC 2013"]
[Site "Rhodes"]
[Date "2013.10.20"]
[Round "1"]
[White "Gerber, Richard"]
[Black "Fox, Anthony"]
[Result "1/2-1/2"]
[WhiteElo "2390"]
[BlackElo "2086"]
[PlyCount "81"]
[EventDate "2013.10.20"]
[EventType "team"]
[EventRounds "7"]
[EventCountry "GRE"]
[WhiteTeam "Club d'Echecs de Geneve"]
[BlackTeam "Adare"]

1. d4 d5 2. c4 e6 3. Nc3 Nf6 4. Bg5 Be7 5. e3 h6 6. Bxf6 Bxf6 7. Nf3 O-O 8. Rc1
c6 9. Bd3 Nd7 10. O-O dxc4 11. Bxc4 e5 12. Bb3 exd4 13. exd4 Nb6 14. h3 Bf5 15.
Qd2 Qd6 16. Rfe1 Rfe8 17. Re3 Rad8 18. Rce1 Rxe3 19. Rxe3 c5 20. dxc5 Qxc5 21.
Qe2 Qc6 22. Ne5 Bxe5 23. Rxe5 Bd3 24. Qe3 Nc4 25. Bxc4 Bxc4 26. Qxa7 Rd2 27.
Rc5 Qe6 28. Qxb7 Qe1+ 29. Kh2 Be6 30. Qa8+ Kh7 31. Qe4+ Qxe4 32. Nxe4 Rxb2 33.
Ra5 Rxa2 34. Rxa2 Bxa2 35. h4 f5 36. Nc3 Bf7 37. Kg3 g5 38. f4 Kg6 39. Nb5 Bd5
40. hxg5 hxg5 41. fxg5 1/2-1/2

[Event "ECCC 2013"]
[Site "Rhodes"]
[Date "2013.10.20"]
[Round "1"]
[White "Heinrich, Jan"]
[Black "Landenbergue, Claude"]
[Result "1/2-1/2"]
[WhiteElo "2040"]
[BlackElo "2393"]
[PlyCount "86"]
[EventDate "2013.10.20"]
[EventType "team"]
[EventRounds "7"]
[EventCountry "GRE"]
[WhiteTeam "Adare"]
[BlackTeam "Club d'Echecs de Geneve"]

1. d4 Nf6 2. Nf3 d6 3. g3 g6 4. c4 Bg7 5. Bg2 O-O 6. Nc3 c6 7. O-O Qa5 8. d5
cxd5 9. cxd5 Bd7 10. h3 Rc8 11. Be3 Be8 12. Bd4 Nbd7 13. a3 Nb6 14. b4 Qa6 15.
Nd2 Na4 16. Nce4 Nxd5 17. Bxg7 Kxg7 18. Nb3 Ndc3 19. Qd4+ Kg8 20. Nxc3 Nxc3 21.
Bf3 Nxe2+ 22. Bxe2 Qxe2 23. Rfe1 Qh5 24. Rxe7 Qxh3 25. Qf6 b6 26. Nd4 Qh6 27.
Rae1 Qg7 28. Qxg7+ Kxg7 29. Ne6+ Kf6 30. Nc7 Ba4 31. Nxa8 Rxa8 32. Rc7 a5 33.
f3 axb4 34. axb4 b5 35. Rc6 Rd8 36. Re3 h5 37. Kf2 g5 38. Rd3 Ke6 39. f4 f6 40.
Rb6 h4 41. fxg5 fxg5 42. gxh4 gxh4 43. Rh3 Ke5 1/2-1/2

[Event "ECCC 2013"]
[Site "Rhodes"]
[Date "2013.10.20"]
[Round "1"]
[White "Domont, Alexandre"]
[Black "Thee, Bernd"]
[Result "1-0"]
[WhiteElo "2373"]
[BlackElo "2098"]
[PlyCount "87"]
[EventDate "2013.10.20"]
[EventType "team"]
[EventRounds "7"]
[EventCountry "GRE"]
[WhiteTeam "Club d'Echecs de Geneve"]
[BlackTeam "Adare"]

1. e4 c5 2. Nf3 Nc6 3. Bb5 g6 4. O-O Bg7 5. c3 e5 6. d3 Nge7 7. Be3 b6 8. d4
cxd4 9. cxd4 exd4 10. Nxd4 O-O 11. Nc3 Bb7 12. Qd2 a6 13. Be2 b5 14. Rfd1 Qc7
15. Rac1 Rad8 16. Nd5 Qe5 17. f4 Qb8 18. Nxc6 Nxc6 19. e5 d6 20. Rxc6 dxe5 21.
Ne7+ Kh8 22. Rd6 Rxd6 23. Qxd6 Qxd6 24. Rxd6 exf4 25. Bd4 Re8 26. Bxg7+ Kxg7
27. Rd7 Ba8 28. Bg4 Kf8 29. Nd5 h5 30. Bf3 Rc8 31. Ra7 Rd8 32. Nxf4 Bxf3 33.
gxf3 Rd2 34. Rxa6 Rxb2 35. Nd3 Rd2 36. Nb4 Rb2 37. a3 Rb3 38. Kg2 Kg7 39. h4 f6
40. Nd5 Rb2+ 41. Kg3 Ra2 42. Ra7+ Kf8 43. Nc3 Rb2 44. Rb7 1-0

[Event "ECCC 2013"]
[Site "Rhodes"]
[Date "2013.10.20"]
[Round "1"]
[White "O`donoghue, Denis J"]
[Black "Vuilleumier, Alexandre"]
[Result "0-1"]
[WhiteElo "1981"]
[BlackElo "2325"]
[PlyCount "116"]
[EventDate "2013.10.20"]
[EventType "team"]
[EventRounds "7"]
[EventCountry "GRE"]
[WhiteTeam "Adare"]
[BlackTeam "Club d'Echecs de Geneve"]

1. d4 Nf6 2. Nf3 e6 3. c4 d5 4. Nc3 Bb4 5. Bg5 h6 6. Bd2 O-O 7. e3 c5 8. cxd5
exd5 9. a3 Bxc3 10. Bxc3 Ne4 11. Qc2 Bf5 12. Qb3 Qb6 13. Qxb6 axb6 14. Rc1 c4
15. Bb4 Rd8 16. Nd2 Nc6 17. Nxe4 Nxb4 18. Nc3 Nc6 19. f3 Na5 20. Kf2 Nb3 21.
Re1 Be6 22. Rd1 f6 23. Be2 Kf8 24. Rhe1 Bf7 25. Bf1 Rac8 26. g3 Bg6 27. e4 dxe4
28. fxe4 Rxd4 29. Rxd4 Nxd4 30. Rd1 Ne6 31. Rd6 Nc5 32. e5 b5 33. exf6 Ne4+ 34.
Nxe4 Bxe4 35. fxg7+ Kxg7 36. Bg2 Bc6 37. Bh3 Ra8 38. Bg2 Rf8+ 39. Kg1 Rc8 40.
Kf2 Rf8+ 41. Kg1 Rc8 42. Kf2 Rf8+ 43. Kg1 Rf6 44. Rd2 Kf7 45. Bh3 Ke7 46. Bf1
Ke6 47. a4 Ke5 48. Rd1 Rf3 49. Bg2 Rb3 50. Bxc6 bxc6 51. axb5 cxb5 52. Rd2 Ke4
53. Kf2 b4 54. Ke1 c3 55. bxc3 bxc3 56. Rc2 Kd3 57. Kd1 Rb1+ 58. Rc1 c2+ 0-1

[Event "ECCC 2013"]
[Site "Rhodes"]
[Date "2013.10.20"]
[Round "1"]
[White "Duport, Nicolas"]
[Black "Murchadha, Oissine"]
[Result "1-0"]
[WhiteElo "2219"]
[BlackElo "1861"]
[PlyCount "81"]
[EventDate "2013.10.20"]
[EventType "team"]
[EventRounds "7"]
[EventCountry "GRE"]
[WhiteTeam "Club d'Echecs de Geneve"]
[BlackTeam "Adare"]

1. e4 c5 2. Nf3 d6 3. d4 cxd4 4. Nxd4 Nf6 5. Nc3 a6 6. Be3 e5 7. Nb3 Be6 8. f3
Nbd7 9. g4 Nb6 10. g5 Nh5 11. Qd2 Be7 12. O-O-O O-O 13. Rg1 g6 14. Kb1 Rc8 15.
h4 Nc4 16. Bxc4 Bxc4 17. Nd5 Bxd5 18. Qxd5 Qc7 19. Rg2 Kg7 20. Nc1 Qc6 21. Qd2
a5 22. Ne2 a4 23. a3 Rfd8 24. Nc3 Rd7 25. Nd5 Bd8 26. f4 Nxf4 27. Bxf4 exf4 28.
h5 f3 29. Qd4+ Kg8 30. Rh2 Qc5 31. Qxa4 b5 32. Qb3 f2 33. hxg6 Qc4 34. gxh7+
Kh8 35. Qd3 Qxd3 36. cxd3 Rc6 37. Rxf2 Bxg5 38. Rf5 f6 39. Nxf6 Bxf6 40. Rxf6
Rxh7 41. Rc1 1-0

[Event "ECCC 2013"]
[Site "Rhodes"]
[Date "2013.10.20"]
[Round "1"]
[White "Pedersen, Christian Kyndel"]
[Black "Nachbar, Benjamin"]
[Result "1-0"]
[WhiteElo "2427"]
[BlackElo "2188"]
[PlyCount "83"]
[EventDate "2013.10.20"]
[EventType "team"]
[EventRounds "7"]
[EventCountry "GRE"]
[WhiteTeam "Jetsmark"]
[BlackTeam "SV Muelheim Nord 1931"]

1. e4 c6 2. d4 d5 3. Nc3 dxe4 4. Nxe4 Bf5 5. Ng3 Bg6 6. h4 h6 7. Nf3 e6 8. Ne5
Bh7 9. Bd3 Bxd3 10. Qxd3 Nf6 11. Bd2 Be7 12. O-O-O O-O 13. f4 c5 14. dxc5 Qxd3
15. Nxd3 Nbd7 16. b4 a5 17. a3 axb4 18. axb4 Rfc8 19. Ne5 Nxe5 20. fxe5 Ng4 21.
Ne4 Nxe5 22. Bc3 Bf6 23. Rhf1 Ng4 24. Nxf6+ gxf6 25. Rf3 Rc7 26. Kb2 e5 27. h5
Kf8 28. Be1 Ke7 29. Bh4 Rc6 30. Rfd3 b6 31. Rd7+ Ke8 32. Rb7 Ne3 33. Rdd7 Nc4+
34. Kc3 b5 35. Kd3 e4+ 36. Kxe4 Re6+ 37. Kf4 Ra1 38. Rdc7 Rf1+ 39. Kg3 Re3+ 40.
Kh2 Kd8 41. Rxf7 Kc8 42. c6 1-0

[Event "ECCC 2013"]
[Site "Rhodes"]
[Date "2013.10.20"]
[Round "1"]
[White "Voss, Gunther"]
[Black "Ochsner, Bjorn Moller"]
[Result "0-1"]
[WhiteElo "2154"]
[BlackElo "2296"]
[PlyCount "56"]
[EventDate "2013.10.20"]
[EventType "team"]
[EventRounds "7"]
[EventCountry "GRE"]
[WhiteTeam "SV Muelheim Nord 1931"]
[BlackTeam "Jetsmark"]

1. e4 c5 2. Nf3 d6 3. d4 cxd4 4. Nxd4 Nf6 5. Nc3 a6 6. Bg5 Nbd7 7. f4 Qc7 8.
Qf3 b5 9. Bxf6 Nxf6 10. e5 Bb7 11. Ndxb5 axb5 12. Bxb5+ Nd7 13. exd6 exd6 14.
Qe2+ Be7 15. O-O Kf8 16. a4 Nf6 17. Rfe1 d5 18. a5 Bb4 19. Ra4 Bxc3 20. bxc3
Ne4 21. c4 g6 22. cxd5 Nc3 23. Qc4 Qxc4 24. Rxc4 Nxb5 25. Rb4 Rxa5 26. c4 Nd6
27. c5 Rxc5 28. Rb6 Rxd5 0-1

[Event "ECCC 2013"]
[Site "Rhodes"]
[Date "2013.10.20"]
[Round "1"]
[White "Jensen, Bjarke"]
[Black "Boemelburg, Raphael"]
[Result "1-0"]
[WhiteElo "2321"]
[BlackElo "1989"]
[PlyCount "75"]
[EventDate "2013.10.20"]
[EventType "team"]
[EventRounds "7"]
[EventCountry "GRE"]
[WhiteTeam "Jetsmark"]
[BlackTeam "SV Muelheim Nord 1931"]

1. e4 e6 2. d4 d5 3. exd5 exd5 4. Nf3 Bg4 5. c4 Nf6 6. Nc3 Nc6 7. Be2 dxc4 8.
O-O Be7 9. d5 Bxf3 10. Bxf3 Ne5 11. Be2 O-O 12. Be3 b5 13. Nxb5 Nxd5 14. Bd4
Bf6 15. Qd2 c6 16. Na3 Nd3 17. Bxf6 Qxf6 18. Nxc4 Ne5 19. Nxe5 Qxe5 20. Bf3
Rad8 21. Rac1 Rd6 22. Rfe1 Nf4 23. Qb4 Qf6 24. Red1 Nd3 25. Qa3 Qd4 26. Rc2
Rfd8 27. Rcd2 c5 28. Rxd3 Qxd3 29. Rxd3 Rxd3 30. Qa4 R3d4 31. Qc2 Rd2 32. Qc1
c4 33. h3 R8d4 34. Qc3 g6 35. Bc6 R2d3 36. Qa5 Rd1+ 37. Kh2 R1d2 38. Qxa7 1-0

[Event "ECCC 2013"]
[Site "Rhodes"]
[Date "2013.10.20"]
[Round "1"]
[White "Grodotzki, Kenneth"]
[Black "Wiwe, Andreas"]
[Result "1/2-1/2"]
[WhiteElo "1979"]
[BlackElo "2287"]
[PlyCount "129"]
[EventDate "2013.10.20"]
[EventType "team"]
[EventRounds "7"]
[EventCountry "GRE"]
[WhiteTeam "SV Muelheim Nord 1931"]
[BlackTeam "Jetsmark"]

1. e4 c5 2. Nf3 e6 3. Nc3 a6 4. g3 b5 5. d4 cxd4 6. Nxd4 Bb7 7. Bg2 Nf6 8. a3
d6 9. O-O Qc7 10. Re1 Be7 11. a4 bxa4 12. Rxa4 O-O 13. Qe2 Rc8 14. Rd1 Nbd7 15.
Nb3 Nb6 16. Ra1 Nc4 17. Bf1 Rab8 18. Qxc4 Qxc4 19. Bxc4 Rxc4 20. Na5 Rxc3 21.
bxc3 Bxe4 22. Ba3 Rd8 23. Nc4 Nd5 24. Rd2 Bf6 25. Nxd6 Bg6 26. Rb1 Bxc3 27. Re2
h5 28. Rb7 h4 29. Kg2 Bf6 30. Ne4 Nc3 31. Nxc3 Bxc3 32. Be7 Rd4 33. Rb3 Rc4 34.
Bxh4 Bb4 35. Bg5 a5 36. Rb2 a4 37. f3 Kh7 38. Ra2 Bc5 39. Bc1 f6 40. Bf4 e5 41.
Be3 e4 42. Bxc5 exf3+ 43. Kxf3 Bh5+ 44. Kf2 Bxe2 45. Kxe2 Rxc5 46. Kd3 Ra5 47.
c4 f5 48. Kd4 Kg6 49. c5 Kf6 50. Kd5 Ke7 51. Kc6 a3 52. Kb6 Ra8 53. c6 Rb8+ 54.
Kc5 Rb3 55. Re2+ Kd8 56. Kd6 Rd3+ 57. Kc5 Rb3 58. Kd6 Rd3+ 59. Kc5 g6 60. Kc4
Rf3 61. Kd5 Rd3+ 62. Kc4 Rf3 63. Kd5 Rb3 64. Kd6 Rd3+ 65. Kc5 1/2-1/2

[Event "ECCC 2013"]
[Site "Rhodes"]
[Date "2013.10.20"]
[Round "1"]
[White "Young, Alan"]
[Black "Ahlander, Bjorn"]
[Result "1-0"]
[WhiteElo "2029"]
[BlackElo "2442"]
[PlyCount "87"]
[EventDate "2013.10.20"]
[EventType "team"]
[EventRounds "7"]
[EventCountry "GRE"]
[WhiteTeam "White Knights Chess Club"]
[BlackTeam "Limhamns SK"]

1. e4 c6 2. c4 d5 3. cxd5 cxd5 4. exd5 Nf6 5. Nc3 Nxd5 6. Nf3 Nc6 7. Bb5 e6 8.
O-O Be7 9. d4 O-O 10. Re1 Nxc3 11. bxc3 Bd7 12. Bd3 Rc8 13. h4 Bf6 14. Rb1 Na5
15. Qc2 h6 16. Qe2 Bc6 17. Ne5 Qd5 18. Nxc6 Qxc6 19. Rb5 b6 20. Rh5 Rfd8 21.
Bg5 Qxc3 22. Bxf6 gxf6 23. d5 Rxd5 24. Rxd5 exd5 25. Bf5 Rc4 26. h5 Nc6 27.
Qe8+ Kg7 28. Bg6 Qxe1+ 29. Qxe1 fxg6 30. Qe8 gxh5 31. Qd7+ Kg6 32. Qxd5 Ne5 33.
f3 h4 34. Qg8+ Kh5 35. Qe8+ Kg5 36. Qg8+ Kh5 37. Qh7 Rf4 38. Qxa7 h3 39. Qxb6
hxg2 40. Kxg2 Nxf3 41. Kg3 Rf5 42. Qe6 Nh4 43. Qe2+ Rf3+ 44. Qxf3+ 1-0

[Event "ECCC 2013"]
[Site "Rhodes"]
[Date "2013.10.20"]
[Round "1"]
[White "Jepson, Christian"]
[Black "Hewitt, William"]
[Result "1/2-1/2"]
[WhiteElo "2392"]
[BlackElo "2069"]
[PlyCount "117"]
[EventDate "2013.10.20"]
[EventType "team"]
[EventRounds "7"]
[EventCountry "GRE"]
[WhiteTeam "Limhamns SK"]
[BlackTeam "White Knights Chess Club"]

1. d4 Nf6 2. Nf3 g6 3. Nc3 d5 4. Bf4 Bg7 5. Nb5 Na6 6. e3 O-O 7. Be2 Ne4 8. O-O
c6 9. Nc3 Nxc3 10. bxc3 c5 11. c4 cxd4 12. exd4 e6 13. Qd2 Nb8 14. Bh6 Nc6 15.
Rad1 b6 16. Rfe1 Bb7 17. cxd5 exd5 18. Qf4 Rc8 19. c3 Qc7 20. Qxc7 Rxc7 21. Bf4
Rcc8 22. Rc1 Rfe8 23. Bb5 a6 24. Rxe8+ Rxe8 25. Bd3 Rc8 26. Rb1 b5 27. a4 b4
28. cxb4 Nxd4 29. Nxd4 Bxd4 30. b5 axb5 31. axb5 Kf8 32. b6 Rc3 33. Be2 Rc2 34.
Kf1 Rb2 35. Bd6+ Ke8 36. Rxb2 Bxb2 37. Bb5+ Kd8 38. Bc5 Be5 39. Ke2 h5 40. g3
h4 41. f4 hxg3 42. hxg3 Bf6 43. Ke3 Be7 44. Kd4 Bf6+ 45. Ke3 Be7 46. Bd4 Bd6
47. g4 Ke7 48. g5 Ba3 49. Ba4 Bc1+ 50. Kf3 Ba3 51. Bb5 Bc1 52. Bc5+ Ke6 53. Bd4
Bd2 54. Be8 Ke7 55. Ba4 Ke6 56. Bb5 Bc1 57. Kg4 Bd2 58. Kf3 Bc1 59. Be8 1/2-1/2

[Event "ECCC 2013"]
[Site "Rhodes"]
[Date "2013.10.20"]
[Round "1"]
[White "Garcia, Jason"]
[Black "Johansson, Linus"]
[Result "0-1"]
[WhiteElo "2044"]
[BlackElo "2321"]
[PlyCount "87"]
[EventDate "2013.10.20"]
[EventType "team"]
[EventRounds "7"]
[EventCountry "GRE"]
[WhiteTeam "White Knights Chess Club"]
[BlackTeam "Limhamns SK"]

1. e4 e6 2. d4 d5 3. Nc3 Nf6 4. e5 Nfd7 5. f4 c5 6. Nf3 Nc6 7. Be3 a6 8. Qd2 b5
9. a3 g5 10. Nxg5 cxd4 11. Bxd4 Nxd4 12. Qxd4 Bc5 13. Qd2 Qb6 14. g3 Bb7 15.
Bg2 Nxe5 16. fxe5 Be3 17. Qe2 Bxg5 18. Nd1 Rc8 19. Rf1 Qc7 20. c3 O-O 21. h4
Bh6 22. Nf2 f5 23. Nd3 Kh8 24. Nf4 Qf7 25. O-O-O Rg8 26. Rd3 b4 27. axb4 Bc6
28. Kb1 Bb5 29. Qe3 Bxf4 30. Rxf4 Bxd3+ 31. Qxd3 Qg7 32. Rf3 Rc4 33. b3 Rg4 34.
Qxa6 Rxg3 35. Rxg3 Qxg3 36. Bf1 Qxe5 37. Kc2 Qe4+ 38. Qd3 Qxh4 39. b5 Rg1 40.
b6 Qf2+ 41. Qe2 Rxf1 42. Qxf2 Rxf2+ 43. Kd3 Rg2 44. Kd4 0-1

[Event "ECCC 2013"]
[Site "Rhodes"]
[Date "2013.10.20"]
[Round "1"]
[White "Schneider, Stefan"]
[Black "Buttell, David"]
[Result "1-0"]
[WhiteElo "2327"]
[BlackElo "1901"]
[PlyCount "89"]
[EventDate "2013.10.20"]
[EventType "team"]
[EventRounds "7"]
[EventCountry "GRE"]
[WhiteTeam "Limhamns SK"]
[BlackTeam "White Knights Chess Club"]

1. d4 Nf6 2. Nf3 c5 3. d5 d6 4. Nc3 g6 5. e4 a6 6. a4 Bg4 7. Be2 Bxf3 8. Bxf3
Nbd7 9. O-O Bg7 10. Bf4 O-O 11. Qd2 Re8 12. Be2 b6 13. h3 Qc7 14. g4 Nf8 15.
Bg3 N6d7 16. f4 c4 17. Kh1 Rab8 18. Bf3 b5 19. axb5 axb5 20. Rab1 Nc5 21. Ne2
Na4 22. Nd4 c3 23. bxc3 Nxc3 24. Rbe1 Bxd4 25. Qxd4 Qc5 26. Qxc5 dxc5 27. Re3
b4 28. f5 Ra8 29. e5 Red8 30. d6 Ra7 31. Bh4 Re8 32. Bc6 Rc8 33. dxe7 Rxe7 34.
Bxe7 Rxc6 35. Rd3 Rc8 36. Rdf3 Nd7 37. e6 Ne5 38. Re3 Nc4 39. Rd3 Na3 40. Bf6
Ne4 41. e7 Re8 42. Rd8 Nxf6 43. g5 Nb5 44. gxf6 Nc7 45. Rfd1 1-0

[Event "ECCC 2013"]
[Site "Rhodes"]
[Date "2013.10.20"]
[Round "1"]
[White "Penalver, Osmani"]
[Black "Evans, Nicholas Thomas"]
[Result "1-0"]
[WhiteElo "2264"]
[BlackElo "1778"]
[PlyCount "55"]
[EventDate "2013.10.20"]
[EventType "team"]
[EventRounds "7"]
[EventCountry "GRE"]
[WhiteTeam "Limhamns SK"]
[BlackTeam "White Knights Chess Club"]

1. d4 d5 2. c4 e6 3. Nc3 c5 4. cxd5 exd5 5. Nf3 Nc6 6. g3 Nf6 7. Bg2 Be7 8. O-O
O-O 9. Bg5 c4 10. b3 Qa5 11. Qc2 Be6 12. Bd2 Qc7 13. Bf4 Qa5 14. Bd2 Qc7 15.
bxc4 dxc4 16. e4 Nb4 17. Qb1 Rfd8 18. d5 Bg4 19. Bf4 Qa5 20. Ne5 Bh5 21. Rc1
Rac8 22. a3 Nd3 23. Nxd3 cxd3 24. Qxd3 Bxa3 25. Bd2 Qc5 26. Na4 Qe7 27. Rxc8
Rxc8 28. Qxa3 1-0